000 00781nam a2200181 a 4500
008 080221s1989 ||||||||||||||||| || u
020 _a070212298X
050 _aP 92 Jan
100 _aJansen, Nerina
245 1 0 _aPhilosophy of mass communication research
_cNerina Jansen
260 _aCapt Town
_bJuta and Company
_c1989
300 _axi, 89p.
350 _a0.00
650 _aCOMMUNICATION
650 _aMASS COMMUNICATION--RESEARCH
995 _aMAIN LIBRARY OPEN ACCESS
_D0.00
_e738470
_FCBU-MAIN LIBRARY (Kitwe)
_H1
_I0.00
_jP 92 JAN
_M1
_UAVAILABLE
_WFeb 21, 2008
_y738474
_ZMain Library Open Access Collection
995 _aMAIN LIBRARY OPEN ACCESS
_D0.00
_e738475
_FCBU-MAIN LIBRARY (Kitwe)
_H1
_I0.00
_jP 92 JAN
_M2
_UAVAILABLE
_WFeb 21, 2008
_y738475
_ZMain Library Open Access Collection
999 _c81874
_d81874